Causation in science and the methods of scientific discovery (Record no. 81198)

MARC details
000 -LEADER
fixed length control field 00895nam a22002777a 4500
003 - CONTROL NUMBER IDENTIFIER
control field CBULib
005 - DATE AND TIME OF LATEST TRANSACTION
control field 20231117135830.0
008 - FIXED-LENGTH DATA ELEMENTS--GENERAL INFORMATION
fixed length control field 230720b |||||||| |||| 00| 0 eng d
020 ## - INTERNATIONAL STANDARD BOOK NUMBER
International Standard Book Number 9780198733669
040 ## - CATALOGING SOURCE
Original cataloging agency LC
Language of cataloging English
Transcribing agency CBULib
Modifying agency CBULib
Description conventions rda
041 ## - LANGUAGE CODE
Language code of text/sound track or separate title eng
050 ## - LIBRARY OF CONGRESS CALL NUMBER
Classification number BD 541 Anj
100 1# - MAIN ENTRY--PERSONAL NAME
9 (RLIN) 148
Personal name Anjum, Rani Lill
245 ## - TITLE STATEMENT
Title Causation in science and the methods of scientific discovery
Statement of responsibility, etc / by Rani Lill Anjum and Stephen Mumford
260 ## - PUBLICATION, DISTRIBUTION, ETC. (IMPRINT)
Place of publication, distribution, etc Oxford :
Name of publisher, distributor, etc Oxford University Press,
Date of publication, distribution, etc [2018]
300 ## - PHYSICAL DESCRIPTION
Extent xiii, 278 pages : illustrations
336 ## - CONTENT TYPE
Source rdacontent
Content type term Text |
Content type code txt
337 ## - MEDIA TYPE
Source rdamedia
Media type term Unmediated |
Media type code n
338 ## - CARRIER TYPE
Source rdacarrier
Carrier type term Volume
Carrier type code nc
504 ## - BIBLIOGRAPHY, ETC. NOTE
Bibliography, etc Includes references and index
650 #0 - SUBJECT ADDED ENTRY--TOPICAL TERM
Topical term or geographic name as entry element CAUSATION
9 (RLIN) 149
650 #0 - SUBJECT ADDED ENTRY--TOPICAL TERM
9 (RLIN) 150
Topical term or geographic name as entry element SCIENCE--METHODOLOGY
650 #0 - SUBJECT ADDED ENTRY--TOPICAL TERM
Topical term or geographic name as entry element PHILOSOPHY OF SCIENCE
9 (RLIN) 151
700 1# - ADDED ENTRY--PERSONAL NAME
9 (RLIN) 152
Personal name Mumford, Stephen
942 ## - ADDED ENTRY ELEMENTS (KOHA)
Source of classification or shelving scheme
Koha item type MONOGRAPH
Holdings
Withdrawn status Lost status Source of classification or shelving scheme Damaged status Not for loan Collection code Permanent Location Current Location Shelving location Date acquired Source of acquisition Cost, normal purchase price Full call number Barcode Date last seen Copy number Cost, replacement price Price effective from Koha item type
          Main Library Open Access Collection CBU-MAIN LIBRARY, KITWE. CBU-MAIN LIBRARY, KITWE. General Stacks 07/20/2023 DON-BOOK AID 60.02 BD 541 Anj 752506 07/20/2023 1 72.02 07/20/2023 MONOGRAPH